000 00353nam a22001457a 4500
003 OSt
008 250516b |||||||| |||| 00| 0 eng d
100 _aSARSWATI, Swami Vidanand
245 _aAryo Ka Aadi Desh Or Unki Sabayta
250 _a21th
260 _aNew Delhi
_bArya Prakashan
_c2021
300 _a246
650 _aGeneral
942 _2ddc
_cBK
999 _c13580
_d13580